<?xml version="1.0" encoding="UTF-8"?>
<record
    xmlns:xsi="http://www.w3.org/2001/XMLSchema-instance"
    xsi:schemaLocation="http://www.loc.gov/MARC21/slim http://www.loc.gov/standards/marcxml/schema/MARC21slim.xsd"
    xmlns="http://www.loc.gov/MARC21/slim">

  <leader>00366nam a22001577a 4500</leader>
  <controlfield tag="003">SGT</controlfield>
  <datafield tag="020" ind1=" " ind2=" ">
    <subfield code="a">9788131243046</subfield>
  </datafield>
  <datafield tag="082" ind1=" " ind2=" ">
    <subfield code="a">617.6342</subfield>
    <subfield code="b">C17H</subfield>
  </datafield>
  <datafield tag="100" ind1=" " ind2=" ">
    <subfield code="a">Kenneth Hargreaves</subfield>
  </datafield>
  <datafield tag="245" ind1=" " ind2=" ">
    <subfield code="a">Cohen's Pathways of the Pulp </subfield>
  </datafield>
  <datafield tag="250" ind1=" " ind2=" ">
    <subfield code="a">south asian</subfield>
  </datafield>
  <datafield tag="260" ind1=" " ind2=" ">
    <subfield code="a">NEW DELHI</subfield>
    <subfield code="b">Elsevier India </subfield>
    <subfield code="c">2017</subfield>
  </datafield>
  <datafield tag="300" ind1=" " ind2=" ">
    <subfield code="a">1105</subfield>
  </datafield>
  <datafield tag="650" ind1=" " ind2=" ">
    <subfield code="a">ENDODONTICS</subfield>
  </datafield>
  <datafield tag="942" ind1=" " ind2=" ">
    <subfield code="2">ddc</subfield>
    <subfield code="c">BK</subfield>
    <subfield code="0">5</subfield>
  </datafield>
  <datafield tag="952" ind1=" " ind2=" ">
    <subfield code="0">0</subfield>
    <subfield code="1">0</subfield>
    <subfield code="2">ddc</subfield>
    <subfield code="4">0</subfield>
    <subfield code="7">0</subfield>
    <subfield code="a">FD</subfield>
    <subfield code="b">FD</subfield>
    <subfield code="c">TXT</subfield>
    <subfield code="d">2018-06-13</subfield>
    <subfield code="e">ABC</subfield>
    <subfield code="g">3245.00</subfield>
    <subfield code="i">SGTU</subfield>
    <subfield code="l">0</subfield>
    <subfield code="o">617.6342 C17H</subfield>
    <subfield code="p">FD7627</subfield>
    <subfield code="r">2018-06-13 00:00:00</subfield>
    <subfield code="w">2018-05-15</subfield>
    <subfield code="y">BK</subfield>
    <subfield code="k">9730</subfield>
  </datafield>
  <datafield tag="952" ind1=" " ind2=" ">
    <subfield code="0">0</subfield>
    <subfield code="1">0</subfield>
    <subfield code="2">ddc</subfield>
    <subfield code="4">0</subfield>
    <subfield code="7">0</subfield>
    <subfield code="a">FD</subfield>
    <subfield code="b">FD</subfield>
    <subfield code="c">TXT</subfield>
    <subfield code="d">2018-06-13</subfield>
    <subfield code="e">ABC</subfield>
    <subfield code="g">3245.00</subfield>
    <subfield code="i">SGTU</subfield>
    <subfield code="l">3</subfield>
    <subfield code="o">617.6342 C17H</subfield>
    <subfield code="p">FD7628</subfield>
    <subfield code="r">2019-06-11 00:00:00</subfield>
    <subfield code="s">2019-05-23</subfield>
    <subfield code="w">2018-05-15</subfield>
    <subfield code="y">BK</subfield>
    <subfield code="k">9730</subfield>
  </datafield>
  <datafield tag="952" ind1=" " ind2=" ">
    <subfield code="0">0</subfield>
    <subfield code="1">0</subfield>
    <subfield code="2">ddc</subfield>
    <subfield code="4">0</subfield>
    <subfield code="7">0</subfield>
    <subfield code="a">FD</subfield>
    <subfield code="b">FD</subfield>
    <subfield code="c">TXT</subfield>
    <subfield code="d">2018-06-13</subfield>
    <subfield code="e">ABC</subfield>
    <subfield code="g">3245.00</subfield>
    <subfield code="i">SGTU</subfield>
    <subfield code="l">7</subfield>
    <subfield code="o">617.6342 C17H</subfield>
    <subfield code="p">FD7629</subfield>
    <subfield code="r">2021-11-05 00:00:00</subfield>
    <subfield code="s">2021-10-23</subfield>
    <subfield code="w">2018-05-15</subfield>
    <subfield code="y">BK</subfield>
    <subfield code="k">9730</subfield>
  </datafield>
  <datafield tag="952" ind1=" " ind2=" ">
    <subfield code="0">0</subfield>
    <subfield code="1">0</subfield>
    <subfield code="2">ddc</subfield>
    <subfield code="4">0</subfield>
    <subfield code="7">0</subfield>
    <subfield code="a">FD</subfield>
    <subfield code="b">FD</subfield>
    <subfield code="c">TXT</subfield>
    <subfield code="d">2018-06-13</subfield>
    <subfield code="e">ABC</subfield>
    <subfield code="g">3245.00</subfield>
    <subfield code="i">SGTU</subfield>
    <subfield code="l">5</subfield>
    <subfield code="o">617.6342 C17H</subfield>
    <subfield code="p">FD7630</subfield>
    <subfield code="r">2024-04-17 00:00:00</subfield>
    <subfield code="s">2024-04-16</subfield>
    <subfield code="w">2018-05-15</subfield>
    <subfield code="y">BK</subfield>
    <subfield code="k">9730</subfield>
  </datafield>
  <datafield tag="952" ind1=" " ind2=" ">
    <subfield code="0">0</subfield>
    <subfield code="1">0</subfield>
    <subfield code="2">ddc</subfield>
    <subfield code="4">0</subfield>
    <subfield code="7">0</subfield>
    <subfield code="a">FD</subfield>
    <subfield code="b">FD</subfield>
    <subfield code="c">TXT</subfield>
    <subfield code="d">2018-06-13</subfield>
    <subfield code="e">ABC</subfield>
    <subfield code="g">3245.00</subfield>
    <subfield code="i">SGTU</subfield>
    <subfield code="l">6</subfield>
    <subfield code="o">617.6342 C17H</subfield>
    <subfield code="p">FD7631</subfield>
    <subfield code="r">2023-05-16 00:00:00</subfield>
    <subfield code="s">2023-05-08</subfield>
    <subfield code="w">2018-05-15</subfield>
    <subfield code="y">BK</subfield>
    <subfield code="k">9730</subfield>
  </datafield>
  <datafield tag="999" ind1=" " ind2=" ">
    <subfield code="c">15550</subfield>
    <subfield code="d">15550</subfield>
  </datafield>
</record>
